000 01163nam a22003497a 4500
003 CHAP
005 20220817042723.0
008 971013s1975 r 00010 d
010 _a53381
011 _a54353
035 _a58504
040 _cCHAP
082 _a338.1
_bR6 1975
100 0 0 _aRoy, Ewell Paul.
_9100366
245 _aEconomics ; applications to agriculture and agribusiness
250 _a2 ed.
260 _aDanville, Ill. :
_bInterestate,
_c1975
300 _a569 p.
_b; gráfs.
590 _aBATCH-UPD
_b10
_c20130110
_lUCH01
_h0344
590 _aBATCH-UPD
_b10
_c20130110
_lUCH01
_h1930
590 _aBATCH-UPD
_b10
_c20130410
_lUCH01
_h0018
590 _aBATCH-UPD
_b10
_c20130914
_lUCH01
_h0854
590 _aCONVERSION
_b10
_c20130109
_lUCH01
_h1329
650 1 4 _aAgricultura
_xAspectos económicos.
650 1 4 _aIndustrias agrícolas.
_957925
700 0 _aCarty, Floyd L.
_919670
700 0 _aSullivan, Gene D.
_9110624
901 _aBK
942 _cLIBRO
949 _a338.1 R6 1975
_bBC
_cLIBRO
_d33724000346706
_eLIBRO
_fc.2
_h52003
_i58504
_si
_t445.00
949 _a338.1 R6 1975
_bBC
_cLIBRO
_d33724000346714
_eLIBRO
_h52002
_i58504
_si
_t445.00
999 _c53381
_d53381